000
00316 a2200157 4500
001
61414
020
_a
040
_c
Anchieta - Pituba
100
_a
MARQUES FILHO, Octamar Pinto
240
1
0
_a
Matemática
_l
por
245
1
0
_a
Matemática
300
_a
266
362
0
_a
0
650
4
_a
Matemática
942
_c
BK
999
_c
61414
_d
61414